000 00562nam a2200181 a 4500
001 000032229
003 DO-SdBNP
005 20220809102919.0
008 110713s1936 dr c 000 0 spa d
040 _aDO-SdBNP
_bspa
_cBNPHU
049 _aBNPD
082 _axxx
_bM917n
100 1 _aMota, Fabio A.
_923572
245 1 0 _aNeo-socialismo dominicano :
_bAspectos d ela obra espiritual del presidente Trujillo /
_cFabio A. Mota.
260 _aCiudad Trujillo, Republica Dominicana :
_bCaribes,
_c1936.
300 _a109 p. :
_bretr. ;
_c19 cm.
942 _2ddc
_cLBS1
999 _c31720
_d31720